[Event "SLO-chT2 West"]
[Site "Slovenia"]
[Date "2015.10.17"]
[Round "1"]
[White "Bavec, Vinko"]
[Black "Mlakar, Slavko"]
[Result "0-1"]
[WhiteElo "1610"]
[BlackElo "1670"]
[PlyCount "120"]
[EventDate "2015.10.17"]
[EventType "team-tourn"]
[EventRounds "7"]
[EventCountry "SLO"]
[SourceTitle "EXT 2019"]
[Source "ChessBase"]
[SourceDate "2018.10.10"]
[SourceVersion "1"]
[SourceVersionDate "2018.10.10"]
[SourceQuality "1"]
[WhiteTeam "Loska Dolina"]
[BlackTeam "Trzin"]
[WhiteTeamCountry "SLO"]
[BlackTeamCountry "SLO"]

1. d4 Nf6 2. Nf3 e6 3. g3 d5 4. Bg2 Be7 5. 0-0 0-0 6. Nc3 Nbd7 7. a3 b6 8. e3 c5 9. Na2 Bb7 10. c3 Rc8 11. dxc5 bxc5 12. Bd2 Rb8 13. b4 Ba6 14. Re1 Bc4 15. Bf1 Nb6 16. Bc1 Ne4 17. Bb2 Qc7 18. Nd2 Nxd2 19. Qxd2 Bf6 20. Nc1 Rfc8 21. Nd3 Nd7 22. Rec1 Bxd3 23. Bxd3 c4 24. Be2 Ne5 25. f4 Nd7 26. Kg2 Be7 27. h3 Nf6 28. Bf3 Rd8 29. Qc2 Qb6 30. Re1 Rd7 31. Rad1 Rbd8 32. Re2 Qc7 33. Bc1 e5 34. Kf2 e4 35. Bg2 Nh5 36. Red2 Qc6 37. g4 Bh4+ 38. Kg1 Ng3 39. Kh2 h5 40. Rd4 hxg4 41. hxg4 Qg6 42. Bh3 f5 43. g5 Qh5 44. Qg2 Ne2 45. R4d2 Nxc3 46. Rf1 Nb5 47. Rc2 g6 48. a4 Nc7 49. Bb2 Ne6 50. Bf6 Rb8 51. b5 Nc5 52. Ra1 Nb3 53. Rf1 d4 54. exd4 Nxd4 55. Rxc4 Nf3+ 56. Kh1 Rd2 57. Rfc1 Rxg2 58. Rc8+ Rxc8 59. Rxc8+ Kf7 60. Rc7+ Ke6 0-1

[Event "SLO-chT2 West"]
[Site "Kranj"]
[Date "2008.10.12"]
[Round "3.6"]
[White "Bavec, Vinko"]
[Black "Renko, Joze"]
[Result "0-1"]
[WhiteElo "1646"]
[BlackElo "1553"]
[PlyCount "112"]
[EventDate "2008.10.11"]
[EventType "team-swiss"]
[EventRounds "9"]
[EventCountry "SLO"]
[SourceTitle "EXT 2010"]
[Source "ChessBase"]
[SourceDate "2010.11.25"]
[SourceVersion "1"]
[SourceVersionDate "2010.11.25"]
[SourceQuality "1"]
[WhiteTeam "Loska Dolina "]
[BlackTeam "Stari Mayr Sencur"]
[WhiteTeamCountry "SLO"]
[BlackTeamCountry "SLO"]

1. d4 d5 2. c4 Nf6 3. Nc3 c6 4. e3 Bf5 5. Nf3 h6 6. Bd3 Bg4 7. cxd5 cxd5 8. 0-0 e6 9. a3 Nc6 10. h3 Bxf3 11. Qxf3 a6 12. Qd1 Bd6 13. Bd2 Rc8 14. Rc1 Bb8 15. f4 0-0 16. Na4 Ba7 17. Nc5 Bxc5 18. Rxc5 Ne7 19. Rxc8 Qxc8 20. Bb4 Re8 21. Qd2 Qd7 22. Rc1 Nc6 23. Bc3 g6 24. Qc2 Kg7 25. Be1 Rc8 26. Qd1 Ng8 27. Bh4 Nge7 28. Qa4 Ne5 29. Qxd7 Rxc1+ 30. Kh2 Nxd7 31. Bxe7 Re1 32. b4 Rxe3 33. Bf1 Re4 34. b5 a5 35. Bd6 b6 36. Bc7 Rxf4 37. Kg1 e5 38. g3 Rf3 39. Kg2 Rc3 40. Bd6 e4 41. g4 f5 42. Be2 Kf6 43. h4 Rc2 44. Kf1 Rd2 45. Bf4 Rxd4 46. gxf5 Kxf5 47. Bxh6 Ra4 48. Bc1 d4 49. h5 gxh5 50. Bxh5 Nf6 51. Bd1 Rc4 52. Bb2 a4 53. Be2 d3 54. Bd1 Nd5 55. Ke1 Nc3 56. Bxa4 Nxa4 0-1

[Event "SLO-chT2 West"]
[Site "Kranj"]
[Date "2005.10.14"]
[Round "1.6"]
[White "Sluga, Aljaz"]
[Black "Bavec, Vinko"]
[Result "1-0"]
[WhiteElo "1852"]
[BlackElo "1659"]
[PlyCount "91"]
[EventDate "2005.10.14"]
[EventType "team"]
[EventRounds "5"]
[EventCountry "SLO"]
[SourceTitle "EXT 2009"]
[Source "ChessBase"]
[SourceDate "2008.11.26"]
[SourceVersion "1"]
[SourceVersionDate "2008.11.26"]
[SourceQuality "1"]

1. d4 d5 2. c4 Nf6 3. Nc3 e6 4. Bg5 Be7 5. cxd5 Nxd5 6. Bxe7 Nxe7 7. Nf3 0-0 8. e3 b6 9. Rc1 Bb7 10. Bd3 a6 11. Qc2 h6 12. b4 Nd7 13. 0-0 Bxf3 14. gxf3 Nf6 15. Ne2 Ned5 16. a3 Ne8 17. Ng3 a5 18. b5 Rc8 19. Kh1 Ndf6 20. Rg1 Qd5 21. Qc6 Rd8 22. Ne4 Qxc6 23. Rxc6 Nxe4 24. Bxe4 f5 25. Bb1 Rf6 26. Ba2 Rd6 27. Rgc1 Rxc6 28. Rxc6 Kf7 29. Kg2 Ke7 30. e4 Rg6+ 31. Kf1 fxe4 32. fxe4 Rf6 33. e5 Rg6 34. d5 Rg5 35. Rxe6+ Kd7 36. Bb1 g6 37. h3 Ng7 38. f4 Rg3 39. Rxg6 Rxh3 40. Rxg7+ Kd8 41. Ke2 Rxa3 42. e6 Rb3 43. e7+ Kd7 44. Bf5+ Kd6 45. e8Q Re3+ 46. Kxe3 1-0

[Event "SLO-chT2"]
[Site "Slovenia"]
[Date "2003.07.11"]
[Round "5"]
[White "Bavec, Vinko"]
[Black "Bresar, Boris"]
[Result "0-1"]
[WhiteElo "1663"]
[BlackElo "2012"]
[PlyCount "97"]
[EventDate "2003.05.02"]
[EventType "team"]
[EventRounds "9"]
[EventCountry "SLO"]
[SourceTitle "EXT 2005"]
[Source "ChessBase"]
[SourceDate "2004.11.15"]
[SourceVersion "1"]
[SourceVersionDate "2004.11.15"]
[SourceQuality "1"]

1. d4 d5 2. c4 e6 3. Nc3 c6 4. e4 Bb4 5. e5 Ne7 6. a3 Bxc3+ 7. bxc3 0-0 8. Nf3 dxc4 9. Bxc4 Nd5 10. Bd2 Nd7 11. Bxd5 exd5 12. 0-0 f6 13. Re1 fxe5 14. Nxe5 Nf6 15. Bg5 Qa5 16. Bxf6 Rxf6 17. Re3 Bf5 18. Qb3 Qb6 19. Qb4 Qc7 20. c4 dxc4 21. Qxc4+ Be6 22. Qe2 Bd5 23. Ng4 Rf7 24. Rg3 Qf4 25. Qe5 Raf8 26. Re1 Rf5 27. Qe3 Kh8 28. Ne5 Qxf2+ 29. Qxf2 Rxf2 30. h3 g6 31. Nd7 R8f4 32. Re8+ Kg7 33. Nc5 Rf1+ 34. Kh2 Rxd4 35. Nxb7 Rdd1 36. Rc3 Rh1+ 37. Kg3 Rd2 38. Rf3 Bxf3 39. gxf3 Rg1+ 40. Kf4 g5+ 41. Kf5 Rd5+ 42. Re5 Rxe5+ 43. Kxe5 Ra1 44. Kf5 Rxa3 45. Kxg5 Rxf3 46. h4 Rd3 47. Kg4 Rd4+ 48. Kg3 Rd5 49. Kf4 0-1

[Event "SLO-chT2"]
[Site "Slovenia"]
[Date "2003.06.04"]
[Round "4"]
[White "Vrankic, Zeljko"]
[Black "Bavec, Vinko"]
[Result "1/2-1/2"]
[WhiteElo "1927"]
[BlackElo "1663"]
[PlyCount "66"]
[EventDate "2003.05.02"]
[EventType "team"]
[EventRounds "9"]
[EventCountry "SLO"]
[SourceTitle "EXT 2005"]
[Source "ChessBase"]
[SourceDate "2004.11.15"]
[SourceVersion "1"]
[SourceVersionDate "2004.11.15"]
[SourceQuality "1"]

1. e4 c5 2. Nf3 e6 3. c3 Nc6 4. d4 cxd4 5. cxd4 d5 6. e5 h6 7. Nc3 Bb4 8. Bd3 Nge7 9. 0-0 0-0 10. a3 Ba5 11. Bc2 Ng6 12. Qd3 f5 13. exf6 Rxf6 14. Re1 Bc7 15. h4 Nf8 16. Nb5 Bf4 17. Bxf4 Rxf4 18. g3 Rf6 19. Ne5 a6 20. Nc3 Nxe5 21. Rxe5 Bd7 22. Rae1 Be8 23. h5 Bd7 24. Ne2 Bb5 25. Qe3 Bxe2 26. Rxe2 Rc8 27. Kg2 Rc6 28. Qd3 Qb6 29. b3 Qc7 30. R5e3 Qf7 31. Re5 Qc7 32. R5e3 Qd6 33. a4 Rc7 1/2-1/2